[Event "Oberliga NRW 8990 II"]
[Site "Germany"]
[Date "1990.??.??"]
[Round "3"]
[White "Luetke, Jens"]
[Black "Opitz, Eckhardt"]
[Result "1-0"]
[WhiteElo "2260"]
[BlackElo "2120"]
[PlyCount "97"]
[EventDate "1989.10.??"]
[EventType "team"]
[EventRounds "9"]
[EventCountry "GER"]
[SourceTitle "EXT 1997"]
[Source "ChessBase"]
[SourceDate "1996.11.15"]
[SourceVersion "1"]
[SourceVersionDate "1996.11.15"]
[SourceQuality "1"]
[WhiteTeam "Godesberg"]
[BlackTeam "Duesseldorf SG"]
[WhiteTeamCountry "GER"]
[BlackTeamCountry "GER"]

1. e4 c5 2. Nf3 Nc6 3. Bb5 d6 4. d4 cxd4 5. Qxd4 Qd7 6. Qa4 a6 7. 0-0 e6 8. Rd1 Rb8 9. Be2 Nge7 10. c4 Ng6 11. Nc3 Qc7 12. Be3 Bd7 13. Qb3 Rc8 14. Bb6 Qb8 15. Rd2 Nce5 16. Nxe5 Nxe5 17. Rad1 Be7 18. f4 Ng6 19. g3 Bc6 20. Bf3 0-0 21. Ne2 Rfe8 22. Nc3 Nf8 23. Bf2 b5 24. cxb5 axb5 25. a3 Qb7 26. Na2 Nd7 27. Re1 Nc5 28. Qe3 Qa8 29. Nb4 Bb7 30. Kg2 Bf8 31. Rde2 Red8 32. h4 d5 33. exd5 exd5 34. Qd2 Ne4 35. Qd3 Re8 36. Bd4 Bxb4 37. axb4 Rc4 38. b3 Rcc8 39. Kh2 Bc6 40. Ra1 Qb8 41. Bg4 Rcd8 42. Ra6 Qd6 43. Rc2 Qg6 44. Bh3 Rd6 45. Be5 Rde6 46. f5 Nc5 47. bxc5 Rxe5 48. fxg6 Re3 49. Qxe3 1-0

[Event "Oberliga NRW 8990 II"]
[Site "Germany"]
[Date "1990.??.??"]
[Round "3"]
[White "Stratmann, Burkhard"]
[Black "Opitz, Eckhardt"]
[Result "1-0"]
[WhiteElo "2110"]
[BlackElo "2120"]
[PlyCount "109"]
[EventDate "1989.10.??"]
[EventType "team"]
[EventRounds "9"]
[EventCountry "GER"]
[SourceTitle "EXT 1997"]
[Source "ChessBase"]
[SourceDate "1996.11.15"]
[SourceVersion "1"]
[SourceVersionDate "1996.11.15"]
[SourceQuality "1"]
[WhiteTeam "Neheim"]
[BlackTeam "Duesseldorf SG"]
[WhiteTeamCountry "GER"]
[BlackTeamCountry "GER"]

1. c4 e5 2. Nc3 Nf6 3. g3 d5 4. cxd5 Nxd5 5. Bg2 Nb6 6. Nf3 Nc6 7. 0-0 Be7 8. a3 0-0 9. b4 Re8 10. d3 a5 11. b5 Nd4 12. a4 Bb4 13. Ne4 Be6 14. Nxd4 exd4 15. Bd2 Qe7 16. Qc2 Bxd2 17. Qxd2 f5 18. Ng5 Bd5 19. Rfc1 Bxg2 20. Kxg2 Nd5 21. Rc4 Qxe2 22. Qxe2 Rxe2 23. Kf1 Rae8 24. Nf3 Rb2 25. Nxd4 f4 26. Rac1 fxg3 27. hxg3 Rf8 28. Nc2 Rf7 29. Re1 h6 30. Re2 Nb6 31. Rd4 Ra2 32. Rd8+ Kh7 33. Nd4 Rxe2 34. Kxe2 Nxa4 35. Ra8 b6 36. f4 Rd7 37. Ke3 Nc5 38. f5 Re7+ 39. Kd2 a4 40. g4 Re5 41. Ne2 Nb3+ 42. Kd1 a3 43. Nf4 a2 44. Rxa2 Rxb5 45. Ra8 g5 46. Ng6 Nc5 47. Rc8 Nxd3 48. Rxc7+ Kg8 49. f6 Ne5 50. Ne7+ Kf8 51. Nf5 Rc5 52. Rb7 Nd3 53. Nxh6 Nf2+ 54. Ke2 Rc8 55. Kxf2 1-0

[Event "Oberliga NRW 8990 II"]
[Site "Germany"]
[Date "1989.??.??"]
[Round "3"]
[White "Mueller, Michael2222"]
[Black "Opitz, Eckhardt"]
[Result "1/2-1/2"]
[WhiteElo "2150"]
[BlackElo "2120"]
[PlyCount "103"]
[EventDate "1989.10.??"]
[EventType "team"]
[EventRounds "9"]
[EventCountry "GER"]
[SourceTitle "EXT 1997"]
[Source "ChessBase"]
[SourceDate "1996.11.15"]
[SourceVersion "1"]
[SourceVersionDate "1996.11.15"]
[SourceQuality "1"]
[WhiteTeam "Duesseldorf"]
[BlackTeam "Duesseldorf SG"]
[WhiteTeamCountry "GER"]
[BlackTeamCountry "GER"]

1. d4 Nf6 2. Nf3 e6 3. Bg5 h6 4. Bh4 g5 5. Bg3 d6 6. e3 Bg7 7. Bd3 Nbd7 8. Nbd2 Nh5 9. a4 Qe7 10. a5 Nxg3 11. hxg3 e5 12. c3 Nf6 13. Qa4+ Bd7 14. Qb4 Bc6 15. e4 Nd7 16. 0-0 exd4 17. cxd4 d5 18. Qxe7+ Kxe7 19. Rfe1 Kd8 20. e5 Nf8 21. Bf5 Ne6 22. Nf1 Bb5 23. Ne3 c6 24. Bxe6 fxe6 25. Nd2 Kd7 26. Nb3 Bf8 27. Nc5+ Bxc5 28. dxc5 h5 29. Rad1 Raf8 30. Nc2 Ba4 31. Rd2 Bxc2 32. Rxc2 a6 33. Rc3 Rf5 34. Rb3 Kc8 35. Rb4 Rhf8 36. Re2 g4 37. Rd4 Rg8 38. Rf4 Rgg5 39. Rxf5 Rxf5 40. Kf1 Kd7 41. Re3 Ke8 42. Rb3 Rf7 43. Ke2 Kf8 44. Rb4 Kg7 45. f4 Kg6 46. Ke3 Kf5 47. Rb3 Rd7 48. Rb4 Rh7 49. Rb3 Rf7 50. Rb6 Rd7 51. Rb4 Rf7 52. Rb3 1/2-1/2

[Event "Oberliga NRW 8889 I"]
[Site "Germany"]
[Date "1989.??.??"]
[Round "3"]
[White "Opitz, Eckhardt"]
[Black "Bischoff, Roland"]
[Result "1/2-1/2"]
[WhiteElo "2165"]
[BlackElo "1925"]
[PlyCount "101"]
[EventDate "1988.10.??"]
[EventType "team"]
[EventRounds "9"]
[EventCountry "GER"]
[SourceTitle "EXT 1997"]
[Source "ChessBase"]
[SourceDate "1996.11.15"]
[SourceVersion "1"]
[SourceVersionDate "1996.11.15"]
[SourceQuality "1"]
[WhiteTeam "Duesseldorf SG"]
[BlackTeam "Duisburg II"]
[WhiteTeamCountry "GER"]
[BlackTeamCountry "GER"]

1. Nf3 Nf6 2. c4 c6 3. g3 d5 4. Qc2 g6 5. Bg2 Bg7 6. 0-0 dxc4 7. Ne5 0-0 8. Nxc4 Be6 9. Rd1 Bxc4 10. Qxc4 e5 11. b3 Nbd7 12. Bb2 Nb6 13. Qc2 Re8 14. Na3 Qe7 15. Nc4 Nxc4 16. bxc4 c5 17. Rab1 Rad8 18. Bc3 e4 19. Rb3 b6 20. f3 Qe6 21. Bb2 Re7 22. Re3 Bh6 23. f4 Qf5 24. Bh3 Ng4 25. Bxg4 Qxg4 26. Rxe4 Rxe4 27. Qxe4 Bg7 28. Qe7 Rf8 29. Bxg7 Kxg7 30. d4 cxd4 31. Rxd4 Kg8 32. Kg2 Qf5 33. a3 Qc2 34. h4 h5 35. Re4 Qc1 36. f5 Qb1 37. f6 Qb2 38. Re5 Qc3 39. Rd5 Rc8 40. Rg5 Qc2 41. Rd5 Qxc4 42. Rd7 Qc6+ 43. Kh2 Qc4 44. Rxa7 Qa2 45. Rd7 Qc4 46. Rd8+ Rxd8 47. Qxd8+ Kh7 48. Qd3 Qe6 49. Qf3 Qe5 50. Kg2 Qe6 51. Kh2 1/2-1/2